Le plus de batailles remportée dans l’histoire - Statistiques

Statistiques générales
  • Ce quiz a été pris 337 fois
  • Le résultat moyen est 11 sur 15
Statistiques - réponses
Battailes remportées Réponses % Correct
1115 France
100%
1105 Royaume uni
99%
387 Espagne
97%
425 Allemagne
96%
244 Chine
96%
491 Russie
96%
183 Japon
93%
210 Turquie
75%
833 usa
73%
344 Pologne
71%
209 Autriche
69%
165 Suede
66%
137 Australie
43%
259 Empire romain
34%
135 Prusse
27%
Aucun quiz correspondant
Distribution des résultats
% des personnes avec chaque résultat
Percentile par nombre de réponses
Votre historique - résultats
Vous n’avez pas pris ce quiz